Quiz sur le film Harry Potter à l'école des sorciers - Statistiques

Statistiques générales
  • Ce quiz a été pris 146 fois
  • Le résultat moyen est 8 sur 18
Statistiques - réponses
Information Réponse % Correct
Actrice (HG) Emma Watson
90%
Acteur (HP) Daniel Radcliffe
88%
Acteur (RW) Rupert Grint
83%
Année de sortie 2001
74%
Acteur (SR) Alan Rickman
66%
Acteur (DM) Tom Felton
63%
Titre original Harry Potter and the Philosopher's Stone
62%
Acteur (RH) Robbie Coltrane
50%
Scénariste Steve Kloves ( D'après le livre de JK Rowling)
46%
Acteur (AD) Richard Harris
44%
Réalisateur Chris Colombus
41%
Musiques John Williams
24%
Distributeur Warner Bros
24%
Durée 152 minutes
18%
Acteur (QQ et V) Ian Hart
16%
Producteur David Heyman
13%
Budget 125 000 000 $
6%
Entrée au box office (France) 9 395 711 entrées
1%
Aucun quiz correspondant
Distribution des résultats
% des personnes avec chaque résultat
Percentile par nombre de réponses
Votre historique - résultats
Vous n’avez pas pris ce quiz